<?xml version="1.0" encoding="UTF-8"?>
<marc:record xmlns:marc="http://www.loc.gov/MARC21/slim">
   <marc:leader>00000nam a2200000 a 4500</marc:leader>
   <marc:datafield ind1="1" ind2=" " tag="100">
      <marc:subfield code="a">Weber, Anne-Katrin</marc:subfield>
      <marc:subfield code="4">aut</marc:subfield>
      <marc:subfield code="e">Verfasser/-in</marc:subfield>
   </marc:datafield>
   <marc:datafield ind1=" " ind2=" " tag="653">
      <marc:subfield code="a">Backen</marc:subfield>
   </marc:datafield>
   <marc:datafield ind1=" " ind2=" " tag="653">
      <marc:subfield code="a">Kuchen</marc:subfield>
   </marc:datafield>
   <marc:datafield ind1="0" ind2="0" tag="245">
      <marc:subfield code="a">Käsekuchen</marc:subfield>
   </marc:datafield>
   <marc:datafield ind1=" " ind2="1" tag="264">
      <marc:subfield code="b">Gräfe und Unzer</marc:subfield>
      <marc:subfield code="c">2012</marc:subfield>
   </marc:datafield>
   <marc:datafield ind1="1" ind2=" " tag="490">
      <marc:subfield code="a">GU Küchenratgeber</marc:subfield>
   </marc:datafield>
   <marc:datafield ind1="1" ind2=" " tag="520">
      <marc:subfield code="a">Ein Klassiker in vielen saisonalen Varianten. (VL) Wer das Buch bei Ihnen entlehnt, kann sofort nach Anleitung einkaufen gehen und maximal zwei Stunden später zu Kaffee und Käsekuchen - nein, wir sagen doch noch Topfenkuchen - einladen. Die Rezepte versteht man beim ersten Lesen, die Zutaten finden sich entweder schon im Kühlschrank oder beim kleinsten Geschäft nebenan. Was ist Schichtkäse? Auch das wird erklärt und den Mascarpone kennen doch auch schon die Ösis! Die unersetzlichen Backhelfer bringen manchen Haushalt auf Vorderfrau/-mann. Beim Krümeln des Mürbteigs kehrt Ruhe ein, man schafft etwas aus Zucker, Mehl, Salz, Ei und Butter. Die Kuchen sind üppig, unter 1 kg Topfen - die nennen ihn immer Quark! - geht hier gar nichts, das verlangt eine Entscheidung: Hüftgold und Genuss oder doch lieber Knäckebrot mit Schnittlauch! Ein sehr empfehlenswertes Kochbuch, eine richtige Versuchung und sonst ein kalorienfreier Blätter-Genuss.</marc:subfield>
   </marc:datafield>
   <marc:datafield ind1=" " ind2=" " tag="020">
      <marc:subfield code="a">9783833823909</marc:subfield>
      <marc:subfield code="9">9783833823909</marc:subfield>
   </marc:datafield>
</marc:record>
